Library Banner

Khusroo shanasi = خسرو شناسی/ (Record no. 127170)

MARC details
000 -LEADER
fixed length control field 00436nam a22001337a 4500
005 - DATE AND TIME OF LATEST TRANSACTION
control field 20220714110159.0
008 - FIXED-LENGTH DATA ELEMENTS--GENERAL INFORMATION
fixed length control field 220714b ||||| |||| 00| 0 eng d
040 ## - CATALOGING SOURCE
Transcribing agency PK-LaUMT
082 ## - DEWEY DECIMAL CLASSIFICATION NUMBER
Classification number APC 297.4092
Item number KHU-
245 ## - TITLE STATEMENT
Title Khusroo shanasi = خسرو شناسی/
Statement of responsibility, etc compiled by Abual Faiz Saher = مرتبہ ؛ ظ انصاری اور ابو الفیض سحر
260 ## - PUBLICATION, DISTRIBUTION, ETC. (IMPRINT)
Place of publication, distribution, etc Lahore :
Name of publisher, distributor, etc Safina Adab,
Date of publication, distribution, etc 1990
300 ## - PHYSICAL DESCRIPTION
Extent 344 p.
942 ## - ADDED ENTRY ELEMENTS (KOHA)
Koha item type Books
Holdings
Withdrawn status Lost status Damaged status Home library Current library Date acquired Full call number Barcode Date last seen Price effective from Koha item type
      UMT Main Campus UMT Main Campus 2022-07-14 APC 297.4092 KHU- 143374 2022-07-14 2022-07-14 Books